00265nam a2200085Ia 4500008004100000082002300041100002200064245007800086260001500164230907s9999||||xx |||||||||||||| ||und|| a333.793230973bSTU aStudebaker, John  aMaximizing energy savings and minimizing energy costs /cJohn Studebaker. c2019-09-27